X men - who said what - Statistics

General Stats
  • This quiz has been taken 237 times
  • The average score is 11 of 36
Answer Stats
Hint Answer % Correct
So, what kind of name is Rogue? Wolverine
88%
What would you prefer, yellow spandex? Cyclops
76%
There is no land of tolerance. There is no peace. Not here, or anywhere else. Magneto
70%
You know, you should wear your seat belt. Rogue
55%
What's a Magneto? Wolverine
55%
Who's the fur ball? Wolverine
54%
Charles Xavier did more for mutants than you will ever know. My single greatest regret is that he had to die for our dream to live. Magneto
44%
Mankind is not evil, just... uninformed. Professor X
41%
Charles was more than a leader, more than a teacher. He was a friend. When we were afraid, he gave us strength. When we were alone, he gave us a family. Storm
41%
Welcome to Mutant High. Iceman
39%
I've seen how you look at Professor Grey. Iceman
34%
They told me you can control metal. You know My mom once knew a guy who could do that. QuickSilver
34%
Hang on to something. Storm
34%
No one's left a scar quite like you. Mystique
32%
The wrong person behind the wheel of a car can be dangerous. Phoenix
31%
When will these people learn how to fly? Magneto
30%
Kill Me Phoenix
30%
Ladies and gentlemen, the truth is that mutants are very real, and that they are among us. Senator Kelly
29%
So, you always were an asshole Wolverine
29%
Then why not stay in disguise all the time? NightCrawler
28%
Get out of my head Charles! Phoenix
27%
I probably shouldn't be asking this sort of thing... but in the future, do I make it? Beast
26%
Whip... lash QuickSilver
26%
Get off the bloody chandelier, Hank Professor X
21%
Maybe you should go back to school. Pyro
21%
I don't like uncomfortable silences. Pyro
20%
Not everybody heals as fast as you, Logan. Cyclops
19%
Who has the answers, Wolverine? Those people? That creature in your arms? William Stryker
18%
I can assure you, the government had nothing to do with this. Beast
15%
Well, you don't really age so you'll pretty much look the same. ShadowCat
10%
Einstein wasn't a mutant, so far as we know. Professor X
9%
How we supposed to get there? Cause I don't swim. Juggernaut
7%
Your powers won't work with me Leech
6%
No. It's what YOU want. Angel
5%
Let me out of here! I demand that you release me! Do you know who I am? I am the President of the United States! Mysique
5%
Have you even begun to think what a slippery slope you're on? Beast
2%
No matching quizzes found
Score Distribution
Percent of People with Each Score
Percentile by Number Answered
Your Score History
You have not taken this quiz